[Event "New Delhi Parsvnath op-B 16th"]
[Site "New Delhi"]
[Date "2018.01.09"]
[Round "2"]
[White "Shirliyev, Allayar"]
[Black "Kandari Sasidar, Kartheek"]
[Result "1-0"]
[WhiteElo "1989"]
[BlackElo "1694"]
[PlyCount "75"]
[EventDate "2018.01.09"]
[EventType "swiss"]
[EventRounds "10"]
[EventCountry "IND"]
[SourceTitle "CBM 182 Extra"]
[Source "ChessBase"]
[SourceDate "2018.02.23"]
[SourceVersion "1"]
[SourceVersionDate "2018.02.23"]
[SourceQuality "1"]

1. e4 e6 2. d4 d5 3. exd5 exd5 4. Bd3 Bd6 5. Qf3 c6 6. Ne2 Qf6 7. Bf4 Bxf4 8. Qxf4 Qxf4 9. Nxf4 Nf6 10. Nd2 g5 11. Ne2 a5 12. a4 Na6 13. c3 Nc7 14. Nf3 h6 15. h4 g4 16. Ne5 h5 17. Ng3 Ne6 18. Nf5 Nf4 19. Nd6+ Kf8 20. 0-0 Nxd3 21. Nxd3 Ne4 22. Nxc8 Rxc8 23. Ne5 Kg7 24. f3 Ng3 25. Rf2 f6 26. Nd3 Rce8 27. Kh2 Nf5 28. fxg4 Ne3 29. Kg1 Nxg4 30. Rf3 Re2 31. Raf1 Rhe8 32. Nf4 Rxb2 33. Nxh5+ Kh6 34. Nxf6 Nxf6 35. Rxf6+ Kh5 36. Kh2 Kxh4 37. R1f4+ Kg5 38. Kh3 1-0